Olympique de Marseille-Saison 2021-2022-Tous les buteurs - Statistiques

Statistiques générales
  • Ce quiz a été pris 672 fois
    604 depuis la dernière actualisation
  • Le résultat moyen est 31 sur 64
Statistiques - réponses
Match/minute Buteur % Correct
MHSC-OM 75' Payet
96%
MHSC-OM 80' Payet
95%
MHSC-OM 68' Under
90%
OM-Bordeaux 34' Under
84%
OM-Bordeaux 41' Payet
81%
OM-ASSE 23' Guendouzi
69%
Monaco-OM 37' Dieng
68%
Monaco-OM 60' Dieng
68%
OM-Lens 33' Payet
66%
OM-Lens 48' Payet
65%
OM-ASSE 68' Under
64%
OM-ASSE 51' Gerson
63%
OM-Angers 70' Milik
62%
OM-Angers 78' Milik
61%
OM-Angers 18' Milik
59%
Bordeaux-OM 37' Under
59%
OM-Strasbourg 93' Bakambu
58%
Nice-OM 42' Payet
58%
Strasbourg-OM 62' Dieng
57%
OM-Rennes 48' Dieng
56%
OM-Angers 21' Gerson
55%
OM-Rennes 71' Harit
55%
Lens-OM 34' Payet
54%
Clermont-OM 25' Under
53%
OM-Angers 85' Under
53%
Nantes-OM 30' Gerson
52%
Lens-OM 77' Bakambu
51%
Metz-OM 82' Milik
51%
OM-Reims 98' Payet
51%
OM-Nice 89' Bakambu
50%
OM-Lorient 56' Guendouzi
50%
Lyon-OM 10' Guendouzi
49%
OM-Lorient 85' Milik
47%
PSG-OM 31' Caleta-Car
46%
OM-Strasbourg 32' Gerson
45%
ASSE-OM 47' Payet
44%
OM-Nice 49' Milik
43%
OM-Lille 75' Under
42%
OM-Strasbourg 89' Gerson
41%
OM-Strasbourg 73' Under
41%
OM-Brest 29' Gerson
40%
Reims-OM 83' Gerson
40%
Troyes-OM 28' Payet
40%
Lorient-OM 48' Guendouzi
39%
ASSE-OM 73' Harit
38%
Brest-OM 63' Milik
38%
Strasbourg-OM 82' Caleta-car
37%
RC Lens-Monaco 90+6' Ganago
37%
Brest-OM 3' Gerson
37%
Lorient-OM 39' Dieng
36%
OM-ESTAC 74' Lirola
35%
Brest-OM 92' Under
35%
OM-Lorient 27' Kamara
34%
OM-Nantes 39' Payet
34%
ASSE-OM 68' Dieng
32%
OM-Nantes 55' Payet
30%
Metz-OM 26' Bakambu
29%
Lorient-OM 67' Gerson
29%
OM-Lorient 92' CSC
28%
Brest-OM 71' Harit
28%
OM-Nantes 75' Harit
28%
OM-MHSC 9' Dieng
25%
ASSE-OM 60' CSC
24%
OM-MHSC 19' Under
23%
Aucun quiz correspondant
Distribution des résultats
% des personnes avec chaque résultat
Percentile par nombre de réponses
Votre historique - résultats
Vous n’avez pas pris ce quiz depuis la dernière actualisation